Famous Tall People - Statistics

General Stats
  • This quiz has been taken 18 times
  • The average score is 7 of 12
Answer Stats
Picture Answer % Correct
Snoop Dog
100%
Dwayne (The Rock) Johnson
89%
Taylor Swift
89%
Shaquille O’Neal
78%
Nicole Kidman
72%
Will Ferrell
72%
Channing Tatum
67%
Zendaya
67%
Howard Stern
33%
Lisa Leslie
22%
Brad Garrett
17%
Robert Pattison
11%
No matching quizzes found
Score Distribution
Percent of People with Each Score
Percentile by Number Answered
Your Score History
You have not taken this quiz